| Tag |
First Indicator |
Second Indicator |
Subfields |
| LEADER |
00000cam a2200000 4500 |
| 001 |
in00000047309 |
| 005 |
20151007071420.0 |
| 008 |
750506s1966 nyua b 00010 eng u |
| 010 |
|
|
|a 66017275
|
| 035 |
|
|
|a (OCoLC)01315018
|
| 035 |
|
|
|9 AAE5928AM
|
| 040 |
|
|
|c DZM
|d OCL
|d TXA
|d UtOrBLW
|
| 041 |
1 |
|
|a eng
|a und
|
| 049 |
|
|
|a TXAM
|c [461971]
|
| 050 |
0 |
0 |
|a QC174.1
|b .S633
|
| 082 |
0 |
|
|a 530.12
|
| 092 |
|
|
|a 530.12
|b S683q, 1966
|
| 100 |
1 |
|
|a Sokolov, A. A.
|q (Arseniĭ Aleksandrovich)
|
| 245 |
1 |
0 |
|a Quantum mechanics /
|c [by] A. A. Sokolov, Y. M. Loskutov [and] I. M. Ternov. Translated by Scripta Technica. Problems prepared by Graham Frye.
|
| 264 |
|
1 |
|a New York :
|b Holt, Rinehart and Winston,
|c [1966]
|
| 264 |
|
4 |
|c [©1966]
|
| 300 |
|
|
|a xix, 537 pages :
|b illustrations ;
|c 24 cm.
|
| 336 |
|
|
|a text
|b txt
|2 rdacontent
|
| 337 |
|
|
|a unmediated
|b n
|2 rdamedia
|
| 338 |
|
|
|a volume
|b nc
|2 rdacarrier
|
| 500 |
|
|
|a Bibliographical footnotes.
|
| 650 |
|
0 |
|a Quantum theory.
|
| 700 |
1 |
|
|a Loskutov, I͡U. M.
|q (I͡Uriĭ Mikhaĭlovich)
|
| 700 |
1 |
|
|a Ternov, I. M.
|q (Igorʹ Mikhaĭlovich)
|
| 999 |
|
|
|a MARS
|
| 999 |
f |
f |
|s 23fad9e9-0ad8-3553-82e2-092a8070c81d
|i 3ad6ba53-8a35-35c5-9538-f0a8176ed327
|t 0
|
| 952 |
f |
f |
|p normal
|a Texas A&M University
|b College Station
|c Sterling C. Evans Library
|d Evans: Library Stacks
|t 0
|e QC174.1 .S633
|h Library of Congress classification
|i unmediated -- volume
|m A14800910155
|
| 998 |
f |
f |
|a QC174.1 .S633
|t 0
|l Evans: Library Stacks
|